000 00679nam a2200181Ia 4500
008 151018s9999 xx 000 0 und d
082 _bRBASDV45831
_a891.433
100 _aविभा गुप्ता
245 _aअकबर बिरबल कि रोचक कहानिया
250 _b1
260 _bअनुराग प्रकाशन
_c2008
300 _a160
600 _aविभा गुप्ता
630 _aअकबर बिरबल कि रोचक कहानिया
700 _aविभा गुप्ता
730 _aअकबर बिरबल कि रोचक कहानिया
942 _cBOOK
999 _c1045008
_d1045005